000 00365nam a22001217a 4500
999 _c1381
_d1381
005 20200831114939.0
008 200831b ||||| |||| 00| 0 eng d
020 _a0582191750
040 _cCML
245 _aNuffield Maths 5 Pupil's Book.
_cHargreaves, J.
260 _aEngland
_bLongman Group Ltd
_c1982
942 _2ddc
_cBK
_e1st Edition
_h510.41
_mHAR